000 00749na a2200253 4500
001 15486
003 MIRAKIL
005 20181213155215.0
008 170207b tu 000 0
020 _a9754948747
035 _a15486
040 _aMilas
_btur
_cTR-AnCHP
041 _atur
082 _a320.9561
_bA61b 2000
090 _a320.9561 A61b 2000
100 _aArcayürek, Cüneyt
_d1928 - 2015
245 _aBir giden bir gelen bir bekleyen
_cCüneyt Arcayürek
260 _aAnkara
_bBilgi yayınevi
_c2000
300 _a487 s.
_c20 sm.
490 _aBüyüklere masallar küçüklere gerçekler
_v2
650 _aSiyaset ve yönetim
_xDevlet adamları
_zTürkiye
650 _aSiyasal bilimler
_xTürkiye
_y1980 -
942 _2ddc
_cBKS
999 _c8516
_d8516